Statistics for Mobile Legends: Epic skin

Click here to take the quiz!

General Stats

  • This quiz has been taken 118 times
    (105 since last reset)
  • The average score is 16 of 57

Answer Stats

CharactersSkins% Correct
ChouDragon Boy
62%
FannySkylark
62%
AngelaV.E.N.O.M. Vespid
61%
LancelotRoyal Matador
52%
AlucardChild of the Fall
48%
AkaiImperial Assassin
48%
HarleyV.E.N.O.M. Octopus
47%
ClaudeMecha Dragon
45%
EstesGalaxy Dominator
39%
KarrieHawkwatch
38%
IrithelHellfire
38%
AlphaOnimusha Commander
38%
BaneCount Dracula
36%
FreyaWar Angel
36%
HanabiV.E.N.O.M. Nephila
35%
AliceWizardry Teacher
35%
HanabiRakshesha
33%
LaylaS.A.B.E.R. Breacher
33%
EudoraEmerald Enchantress
32%
GatotkacaSentinel
32%
GusionV.E.N.O.M. Emperor Scorpion
32%
GrockV.E.N.O.M. Monitor Lizard
32%
FrancoValhalla Ruler
30%
KimmyAstrocat
29%
HarleyGreat Inventor
29%
SaberOnimaru
29%
RafaelaS.A.B.E.R. Savior
29%
JohnsonWreck King
29%
LancelotFloral Knight
27%
MartisGod of War
27%
KarinaDoom Duelist
26%
RogerDr Beast
24%
KarrieGill-Girl
24%
NanaMecha Baby
24%
RogerPhantom Pirate
24%
KaguraSoryu Maiden
24%
JohnsonAutomata
23%
CyclopsS.A.B.E.R. Exploder
21%
HayabusaShadow of Obscurity
21%
SelenaVirus
21%
IrithelAstral Wanderer
20%
SaberS.A.B.E.R. Regulator
20%
KajaSkyblocker
20%
LesleyStellaris Ghost
20%
MoskovTwilight Dragon
20%
ZilongGlorious General
18%
RubyLady Zombie
18%
RafaelaFlower Fairy
17%
OdetteMermaid Princess
17%
ZilongChangbanpo Commander
15%
LeomordInferno Soul
11%
ArgusCataclysm
9%
VexanaSanguine Rose
9%
UranusVideo-Game Dominator
9%
ZhaskBone Flamen
8%
MiyaChristmas Cheer
5%
NataliaGrim Strangler
3%

Score Distribution

Percentile by Number Answered

Percent of People with Each Score

Your Score History

You have not taken this quiz since the last reset